000
00285nam a22001337a 4500
003
SGT
082
_a
612.015
_b
A17G
100
_a
GHANGHAS, URENDER SINGH
245
_a
A STUDY OF HORMONAL PROFILE
260
_a
SGTU
_c
2017
300
_a
65
650
_a
BIOCHEMISTRY
942
_2
ddc
_c
TH
999
_c
20543
_d
20543